[Event "Münsterland Open"]
[Site "Senden"]
[Date "2009.10.10"]
[Round "1.1"]
[White "Karpatchev, Aleksandr"]
[Black "Heine, Rolf"]
[Result "1-0"]
[WhiteElo "2477"]
[BlackElo "1972"]
[PlyCount "37"]
[EventDate "2009.??.??"]

1. e4 c5 2. c3 d5 3. exd5 Qxd5 4. Nf3 Nf6 5. d4 Bg4 6. dxc5 Qxd1+ 7. Kxd1 e5 8.
b4 e4 9. h3 Bh5 10. g4 Nxg4 11. hxg4 Bxg4 12. Nbd2 Nc6 13. Kc2 exf3 14. Bd3
O-O-O 15. Nc4 b5 16. cxb6 axb6 17. Nxb6+ Kc7 18. Nc4 Bxb4 19. Bf4+ 1-0

[Event "Münsterland Open"]
[Site "Senden"]
[Date "2009.10.10"]
[Round "1.2"]
[White "Simon, Thomas"]
[Black "Stets, Dmitry"]
[Result "0-1"]
[WhiteElo "1969"]
[BlackElo "2434"]
[PlyCount "92"]
[EventDate "2009.??.??"]

1. Nf3 Nf6 2. g3 g6 3. b3 Bg7 4. Bb2 c5 5. c4 Nc6 6. Bg2 d6 7. d4 Ne4 8. O-O
Bf5 9. e3 Qc8 10. Nbd2 O-O 11. Nxe4 Bxe4 12. Qd2 Qg4 13. h3 Qh5 14. Nh2 Bxg2
15. Kxg2 cxd4 16. exd4 e6 17. Rfe1 d5 18. c5 g5 19. b4 a6 20. a4 Qg6 21. b5 Ne7
22. c6 bxc6 23. Ba3 Rfe8 24. b6 Nf5 25. Bc5 Rab8 26. a5 h5 27. Nf3 g4 28. hxg4
Qxg4 29. Qf4 Rb7 30. Rh1 f6 31. Rae1 Qxf4 32. gxf4 Bh6 33. Rxh5 Rg7+ 34. Kf1
Kf7 35. b7 Bxf4 36. Rb1 Bb8 37. Rb6 Kg8 38. Rh1 e5 39. Rxc6 Rxb7 40. Rxf6 Rb1+
41. Ne1 exd4 42. Rxf5 Rexe1+ 43. Kg2 Rxh1 44. Rf8+ Kh7 45. Rxb8 Rxb8 46. Kxh1
d3 0-1

[Event "Münsterland Open"]
[Site "Senden"]
[Date "2009.10.10"]
[Round "1.3"]
[White "Poetsch, Hagen"]
[Black "Strößner, Lena"]
[Result "1-0"]
[WhiteElo "2351"]
[BlackElo "1968"]
[PlyCount "59"]
[EventDate "2009.??.??"]

1. e4 e6 2. Nf3 d5 3. Nc3 Nf6 4. e5 Nfd7 5. d4 a6 6. Ne2 c5 7. c3 Nc6 8. Ng3
cxd4 9. cxd4 Qb6 10. a3 f6 11. exf6 Nxf6 12. Bd3 Bd6 13. O-O O-O 14. Re1 Bd7
15. b4 Rae8 16. Bb2 a5 17. b5 Nd8 18. Qe2 Nf7 19. Ne5 Bc8 20. Rad1 Bb8 21. a4
Nxe5 22. dxe5 Nd7 23. Bd4 Qd8 24. Qh5 g6 25. Bxg6 hxg6 26. Qxg6+ Kh8 27. Rd3
Re7 28. Nf5 Rh7 29. Rh3 Rxh3 30. Qg7# 1-0

[Event "Münsterland Open"]
[Site "Senden"]
[Date "2009.10.10"]
[Round "1.4"]
[White "Darwisch, Mohamed"]
[Black "Hug, Marcel"]
[Result "0-1"]
[WhiteElo "1967"]
[BlackElo "2326"]
[PlyCount "70"]
[EventDate "2009.??.??"]

1. e4 e5 2. Nf3 d6 3. c3 Nf6 4. Bd3 Be7 5. Bc2 O-O 6. O-O c6 7. d4 Qc7 8. Qe2
b6 9. Rd1 Ba6 10. Bd3 Bb7 11. Nbd2 Nbd7 12. Nf1 Rfe8 13. Ng3 Bf8 14. Qc2 g6 15.
Qb3 d5 16. Qc2 exd4 17. cxd4 dxe4 18. Bxe4 Nxe4 19. Nxe4 c5 20. d5 Bg7 21. Nc3
Ne5 22. Ng5 Rad8 23. Nge4 f5 24. Ng5 Ng4 25. Nf3 Bxc3 26. Qxc3 Bxd5 27. Bg5
Bxf3 28. Qc4+ Bd5 29. Bf4 Bxc4 30. Bxc7 Rxd1+ 31. Rxd1 Bxa2 32. h3 Nf6 33. Ra1
Nd5 34. Rxa2 Nxc7 35. Rxa7 Re7 0-1

[Event "Münsterland Open"]
[Site "Senden"]
[Date "2009.10.10"]
[Round "1.5"]
[White "Schulze, Ulrich"]
[Black "Mir Wais, Milod"]
[Result "1-0"]
[WhiteElo "2319"]
[BlackElo "1967"]
[PlyCount "64"]
[EventDate "2009.??.??"]

1. d4 d5 2. Nf3 e6 3. c4 c5 4. cxd5 exd5 5. g3 Nc6 6. Bg2 Nf6 7. O-O Be7 8.
dxc5 Bxc5 9. Bg5 O-O 10. Nc3 Be7 11. Bxf6 Bxf6 12. Qxd5 Qxd5 13. Nxd5 Bxb2 14.
Rab1 Ba3 15. Nd2 Rb8 16. Rb3 Bd6 17. Ne4 Rd8 18. Rd1 Bf8 19. e3 Be6 20. Ng5 Nb4
21. Nxe6 fxe6 22. Nc3 b6 23. Rdb1 Na6 24. Nb5 Nc5 25. R3b2 a6 26. Nd4 Na4 27.
Rc2 Rd6 28. Rc4 Nc5 29. Rbc1 Rbd8 30. h4 g6 31. Bf3 Bg7 32. Nc6 R8d7 1-0

[Event "Münsterland Open"]
[Site "Senden"]
[Date "2009.10.10"]
[Round "1.6"]
[White "Distelrath, Oliver"]
[Black "Friedel, Roland"]
[Result "0-1"]
[WhiteElo "1965"]
[BlackElo "1757"]
[PlyCount "84"]
[EventDate "2009.??.??"]

1. d4 d5 2. c4 dxc4 3. Nc3 e5 4. d5 Nf6 5. e4 a6 6. Bxc4 b5 7. Bd3 c6 8. Bg5 b4
9. Na4 cxd5 10. Bxf6 Qxf6 11. exd5 Be7 12. Qf3 Bb7 13. Be4 Qd6 14. Ne2 Nd7 15.
O-O Nf6 16. Rfd1 Nxe4 17. Qxe4 O-O 18. Ng3 g6 19. Qe3 f5 20. Qb6 Qxb6 21. Nxb6
Rad8 22. Rac1 Bd6 23. Nf1 Rf7 24. Ne3 Bc7 25. Nbc4 Rfd7 26. Nc2 Bxd5 27. N4e3
a5 28. h3 Bxa2 29. Re1 Bb3 30. Na1 Bf7 31. Rc5 e4 32. g3 Bb6 33. Rcc1 Bxe3 34.
fxe3 Rd2 35. Nc2 Rc8 36. Nd4 Rxc1 37. Rxc1 Rxb2 38. Rc8+ Kg7 39. Rc7 a4 40. h4
a3 41. Ne6+ Kf6 42. Ng5 Ke5 0-1

[Event "Münsterland Open"]
[Site "Senden"]
[Date "2009.10.10"]
[Round "1.7"]
[White "Torres-Kuckel, Rafael"]
[Black "Göbel, Constantin"]
[Result "1-0"]
[WhiteElo "2257"]
[BlackElo "1965"]
[PlyCount "41"]
[EventDate "2009.??.??"]

1. e4 c5 2. Nf3 Nc6 3. Bb5 g6 4. O-O Bg7 5. Qe2 e5 6. c3 Nge7 7. d4 cxd4 8.
cxd4 exd4 9. Bg5 O-O 10. e5 Qc7 11. Re1 Re8 12. Nbd2 Nd5 13. Nc4 a6 14. Nd6 Rf8
15. Bc4 Nb6 16. Bb3 a5 17. a4 Ra6 18. Rac1 Qb8 19. Qe4 Na8 20. Nxf7 Rxf7 21.
Qd5 1-0

[Event "Münsterland Open"]
[Site "Senden"]
[Date "2009.10.10"]
[Round "1.8"]
[White "Lodde, Martin"]
[Black "Seegers, Hendrik"]
[Result "1/2-1/2"]
[WhiteElo "1965"]
[BlackElo "2241"]
[PlyCount "130"]
[EventDate "2009.??.??"]

1. Nf3 c5 2. c4 Nc6 3. Nc3 e6 4. e4 Nge7 5. d4 cxd4 6. Nxd4 Nxd4 7. Qxd4 Nc6 8.
Qd1 Bc5 9. Be2 O-O 10. O-O b6 11. a3 Bb7 12. b4 Bd4 13. Bb2 Qf6 14. Rc1 Rad8
15. b5 Na5 16. Ba1 Qe5 17. Kh1 g5 18. c5 f5 19. f4 gxf4 20. exf5 Rxf5 21. cxb6
axb6 22. Nd5 Bxa1 23. Ne7+ Kf8 24. Nxf5 Bb2 25. Nd6 Bxc1 26. Nxb7 Nxb7 27. Qxc1
Qxe2 28. Qxf4+ Ke7 29. Qf6+ Kd6 30. Rc1 Rg8 31. Qf4+ Kd5 32. Rg1 Nc5 33. h3 Nd3
34. Qf7 Nf2+ 35. Kh2 Rd8 36. Qe7 Qe5+ 37. g3 Rg8 38. Qxd7+ Qd6 39. Qb7+ Ke5 40.
Re1+ Kf6 41. Qf3+ Ke7 42. Qxf2 Rf8 43. Qe3 Rf6 44. Re2 h5 45. Ra2 Qc7 46. Qg5
Qc3 47. Rf2 Qd4 48. Qxf6+ Qxf6 49. Rxf6 Kxf6 50. Kg2 Ke5 51. Kf3 Kd4 52. g4 e5
53. gxh5 Kd3 54. h6 e4+ 55. Kf4 e3 56. h7 e2 57. h8=Q e1=Q 58. Qd8+ Kc2 59.
Qxb6 Qh4+ 60. Ke5 Qg3+ 61. Kd5 Qf3+ 62. Kd6 Kb3 63. Qc5 Qf8+ 64. Kd5 Qf5+ 65.
Kc6 Qc8+ 1/2-1/2

[Event "Münsterland Open"]
[Site "Senden"]
[Date "2009.10.10"]
[Round "1.9"]
[White "Korth, Daniel"]
[Black "Hanewinkel, Winfried"]
[Result "1/2-1/2"]
[WhiteElo "2239"]
[BlackElo "1961"]
[PlyCount "54"]
[EventDate "2009.??.??"]

1. d4 Nf6 2. c4 g6 3. Nc3 d5 4. Bf4 Bg7 5. Nf3 O-O 6. e3 c5 7. dxc5 Qa5 8. Rc1
dxc4 9. Bxc4 Qxc5 10. Bb3 Nc6 11. O-O Qh5 12. Qe2 e5 13. Bg3 Bg4 14. h3 Bxf3
15. Qxf3 Qxf3 16. gxf3 Rad8 17. Rfd1 h6 18. a3 Nh5 19. Ne4 Rxd1+ 20. Rxd1 Rd8
21. Nc5 Rxd1+ 22. Bxd1 b6 23. Nd7 Nxg3 24. fxg3 e4 25. b4 Ne5 26. Nxe5 Bxe5 27.
f4 Bd6 1/2-1/2

[Event "Münsterland Open"]
[Site "Senden"]
[Date "2009.10.11"]
[Round "2.1"]
[White "Nattermüller, Matthias"]
[Black "Karpatchev, Aleksandr"]
[Result "0-1"]
[WhiteElo "2076"]
[BlackElo "2477"]
[PlyCount "64"]
[EventDate "2009.??.??"]

1. d4 d5 2. Nf3 Nf6 3. e3 c5 4. c3 Nbd7 5. Bd3 g6 6. Qa4 Bg7 7. Ne5 O-O 8. f4
Nxe5 9. dxe5 Ng4 10. e4 c4 11. Be2 Qb6 12. Bxg4 Bxg4 13. exd5 Qc5 14. Na3 Qxd5
15. O-O Be2 16. Re1 Qc5+ 17. Kh1 Qf2 18. Rg1 Rac8 19. Qc2 a6 20. b3 g5 21. f5
cxb3 22. axb3 Bxe5 23. Bxg5 Bxc3 24. Raf1 Bd4 25. Nc4 Bxf1 26. Qxf2 Bxf2 27.
Rxf1 f6 28. Bf4 Rfd8 29. Nd2 Bb6 30. Re1 Kf7 31. Nc4 Bc7 32. Bc1 b5 0-1

[Event "Münsterland Open"]
[Site "Senden"]
[Date "2009.10.11"]
[Round "2.2"]
[White "Stets, Dmitry"]
[Black "Busche, Klaus"]
[Result "1-0"]
[WhiteElo "2434"]
[BlackElo "2071"]
[PlyCount "95"]
[EventDate "2009.??.??"]

1. e4 d5 2. exd5 Nf6 3. c4 e6 4. dxe6 Bxe6 5. Be2 Nc6 6. Nf3 Bc5 7. O-O O-O 8.
d3 Qd6 9. Nbd2 a5 10. Ne4 Nxe4 11. dxe4 Qxd1 12. Rxd1 Rfe8 13. h3 f6 14. Bf4
Re7 15. Kf1 Rae8 16. Rac1 g5 17. Bg3 h6 18. Ne1 Bf7 19. Bd3 Bd4 20. b3 Bg6 21.
Nc2 Bc5 22. f3 Ne5 23. Bxe5 Rxe5 24. a3 Rd8 25. b4 axb4 26. axb4 Bf8 27. c5
Ree8 28. Bc4+ Kg7 29. Ne3 c6 30. Ra1 Be7 31. Rxd8 Rxd8 32. Ra7 Rd7 33. Ba6 Rd4
34. Rxb7 Kf8 35. Bc4 Rd2 36. Rb8+ Be8 37. Be6 Rd8 38. Rb7 Bg6 39. Bd7 Be8 40.
Bxe8 Kxe8 41. Ke2 Ra8 42. Nf5 Bf8 43. Nd4 Ra2+ 44. Kd3 Rxg2 45. Rb8+ Kf7 46.
Nxc6 Bxc5 47. bxc5 Rg3 48. Nd4 1-0

[Event "Münsterland Open"]
[Site "Senden"]
[Date "2009.10.11"]
[Round "2.3"]
[White "Jungbluth, Michael"]
[Black "Poetsch, Hagen"]
[Result "0-1"]
[WhiteElo "2057"]
[BlackElo "2351"]
[PlyCount "54"]
[EventDate "2009.??.??"]

1. d4 d5 2. c4 Nc6 3. Nc3 dxc4 4. d5 Ne5 5. f4 Nd7 6. e4 Nb6 7. Be3 e6 8. Bxb6
axb6 9. Bxc4 Bc5 10. Bb5+ Bd7 11. dxe6 fxe6 12. Qh5+ g6 13. Qe5 Qf6 14. Bxd7+
Kxd7 15. O-O-O+ Kc8 16. Nf3 Be3+ 17. Kb1 Bxf4 18. Qb5 Qe7 19. e5 Nh6 20. Rd3
Ng4 21. Rd4 Rf8 22. Ra4 Rxa4 23. Qxa4 c6 24. Rd1 Nxe5 25. Nxe5 Bxe5 26. Qa8+
Bb8 27. Nb5 Rd8 0-1

[Event "Münsterland Open"]
[Site "Senden"]
[Date "2009.10.11"]
[Round "2.4"]
[White "Hug, Marcel"]
[Black "Meyer, Ulrich"]
[Result "1-0"]
[WhiteElo "2326"]
[BlackElo "2043"]
[PlyCount "87"]
[EventDate "2009.??.??"]

1. e4 c5 2. Nc3 Nc6 3. g3 d6 4. Bg2 e5 5. d3 Bd7 6. f4 Be7 7. Nf3 Nf6 8. O-O
Qc8 9. Nd5 Bg4 10. c3 O-O 11. fxe5 Nxd5 12. exd6 Nxc3 13. bxc3 Bxd6 14. Qb3
Bxf3 15. Bxf3 Ne5 16. Qd5 Qe6 17. Be2 Qxd5 18. exd5 c4 19. d4 Nd7 20. Bd2 b5
21. a4 Rfe8 22. Bf3 a6 23. Ra2 Nb6 24. axb5 axb5 25. Rxa8 Rxa8 26. Rb1 b4 27.
cxb4 Ra3 28. Be4 c3 29. Bf4 Bxf4 30. gxf4 Kf8 31. d6 Nc4 32. d7 Ke7 33. Bc6 c2
34. Rc1 Rc3 35. b5 Kd8 36. Kf2 Nb6 37. Be4 Kxd7 38. Rxc2 Rxc2+ 39. Bxc2 h6 40.
Bb3 f6 41. Ke3 Nc8 42. Bd5 Ne7 43. Bf3 Nc8 44. Bg4+ 1-0

[Event "Münsterland Open"]
[Site "Senden"]
[Date "2009.10.11"]
[Round "2.6"]
[White "Sommer, Uwe"]
[Black "Torres-Kuckel, Rafael"]
[Result "1/2-1/2"]
[WhiteElo "2039"]
[BlackElo "2257"]
[PlyCount "41"]
[EventDate "2009.??.??"]

1. e4 c5 2. Nf3 e6 3. d4 cxd4 4. Nxd4 a6 5. Nc3 Qc7 6. g3 b5 7. Bg2 Bb7 8. O-O
Nf6 9. Bg5 d6 10. Bxf6 gxf6 11. Qh5 Qc5 12. Nf5 Nd7 13. Qe2 Ne5 14. Ne3 Rc8 15.
Kh1 Bg7 16. f4 Nc4 17. Nf5 Bf8 18. b4 Qxb4 19. Nd5 exd5 20. exd5+ Kd7 21. Qh5
1/2-1/2

[Event "Münsterland Open"]
[Site "Senden"]
[Date "2009.10.11"]
[Round "2.7"]
[White "Freitag, Julia"]
[Black "Gottkehaskamp, Philipp"]
[Result "0-1"]
[WhiteElo "2202"]
[BlackElo "2041"]
[PlyCount "110"]
[EventDate "2009.??.??"]

1. d4 Nf6 2. e3 g6 3. f4 Bg7 4. Nf3 O-O 5. c3 b6 6. Bd3 Bb7 7. Nbd2 c5 8. a4
Nc6 9. O-O e6 10. Qe1 d5 11. Qh4 Qc8 12. Ne5 Ne7 13. g4 Ba6 14. Rf3 Bxd3 15.
Nxd3 Re8 16. Rh3 Qa6 17. Nf2 Rac8 18. Nf3 b5 19. dxc5 Rxc5 20. Nd3 Rc4 21. Ng5
Nc6 22. Nxh7 Nxh7 23. Qxh7+ Kf8 24. b3 Bxc3 25. Rb1 Rxa4 26. Nc5 Ra1 27. Nxa6
Rxb1 28. f5 Rxc1+ 29. Kf2 exf5 30. gxf5 Rc2+ 31. Kf1 Rc1+ 32. Kg2 Rc2+ 33. Kg1
Rc1+ 34. Kf2 Rc2+ 35. Kf1 Rc1+ 36. Ke2 Nd4+ 37. Kd3 Nxf5 38. Nc7 Rc8 39. Nxb5
Rd1+ 40. Ke2 Rd2+ 41. Kf3 Bf6 42. Rg3 Re8 43. Nd6 Rxe3+ 44. Kg4 Rxg3+ 45. hxg3
Rd4+ 46. Kh3 Nxd6 47. Qh6+ Kg8 48. Qe3 Nf5 49. Qe2 Re4 50. Qa6 Kg7 51. g4 Nd4
52. b4 Ne6 53. b5 Rb4 54. Kg3 Rb3+ 55. Kg2 d4 0-1

[Event "Münsterland Open"]
[Site "Senden"]
[Date "2009.10.11"]
[Round "2.8"]
[White "Solberg, Kirsten"]
[Black "Wittenberg, Andreas"]
[Result "1/2-1/2"]
[WhiteElo "2022"]
[BlackElo "2188"]
[PlyCount "61"]
[EventDate "2009.??.??"]

1. e4 e6 2. d4 d5 3. Nd2 Nc6 4. c3 e5 5. exd5 Qxd5 6. Qf3 Qxf3 7. Ngxf3 exd4 8.
Nxd4 Nxd4 9. cxd4 Bb4 10. Bc4 Nf6 11. O-O O-O 12. Nb3 h6 13. Bf4 Ne8 14. Rac1
Bd6 15. Be3 Nf6 16. h3 Bf5 17. Nc5 Rab8 18. b4 Bc8 19. b5 Re8 20. Rfe1 Bf5 21.
a4 b6 22. Na6 Rbd8 23. Bb3 Re7 24. Bd2 Red7 25. Bb4 Bf4 26. Be7 Rxe7 27. Rxe7
Bxc1 28. Rxf7 Kh8 29. Rxc7 Rd7 30. Rxc1 Rxd4 31. Rc7 1/2-1/2

[Event "Münsterland Open"]
[Site "Senden"]
[Date "2009.10.11"]
[Round "2.9"]
[White "Günnigmann, Manuel"]
[Black "Starp, Klaus"]
[Result "1-0"]
[WhiteElo "2158"]
[BlackElo "2027"]
[PlyCount "71"]
[EventDate "2009.??.??"]

1. e4 c5 2. Nf3 d6 3. d4 cxd4 4. Nxd4 Nf6 5. Nc3 a6 6. f3 e5 7. Nb3 Be6 8. Be3
Be7 9. Qd2 Nbd7 10. g4 b5 11. g5 b4 12. Ne2 Nh5 13. Ng3 Nxg3 14. hxg3 a5 15.
Bh3 Qc7 16. Bxe6 fxe6 17. Qd3 a4 18. Nd2 Rc8 19. Rc1 Nc5 20. Qb5+ Kf7 21. O-O
Qb7 22. Qe2 h6 23. gxh6 gxh6 24. f4 h5 25. fxe5+ Kg6 26. Bd4 d5 27. exd5 Qxd5
28. Nf3 Rcf8 29. c3 bxc3 30. bxc3 Rf5 31. Nh4+ Bxh4 32. gxh4 Rg8 33. Kh2 Qe4
34. Qxe4 Nxe4 35. Rxf5 Kxf5 36. Rf1+ 1-0

[Event "Münsterland Open"]
[Site "Senden"]
[Date "2009.10.11"]
[Round "2.10"]
[White "Kümpers, Ulrich"]
[Black "Woestmann, Ulrich"]
[Result "1/2-1/2"]
[WhiteElo "2145"]
[BlackElo "2014"]
[PlyCount "59"]
[EventDate "2009.??.??"]

1. d4 Nf6 2. c4 g6 3. Nc3 d5 4. Bf4 Bg7 5. e3 c5 6. dxc5 Qa5 7. Qa4+ Qxa4 8.
Nxa4 O-O 9. Nf3 Na6 10. Rc1 Bd7 11. Nc3 dxc4 12. Bxc4 Nxc5 13. O-O Be6 14. Bxe6
Nxe6 15. Be5 Rfd8 16. h3 Nd5 17. Bxg7 Kxg7 18. a3 Nxc3 19. Rxc3 Rac8 20. Rfc1
Rxc3 21. Rxc3 Rd1+ 22. Kh2 f6 23. g4 Rd5 24. b4 a5 25. Kg3 Kf7 26. h4 Rb5 27.
Rc4 axb4 28. axb4 Rd5 29. Rc8 Rb5 30. Rc4 1/2-1/2

[Event "Münsterland Open"]
[Site "Senden"]
[Date "2009.10.11"]
[Round "3.1"]
[White "Karpatchev, Aleksandr"]
[Black "Steiner, Karl"]
[Result "1-0"]
[WhiteElo "2477"]
[BlackElo "2088"]
[PlyCount "63"]
[EventDate "2009.??.??"]

1. e4 e6 2. d4 d5 3. Nd2 c5 4. Ngf3 Nc6 5. exd5 exd5 6. Bb5 Qe7+ 7. Be2 Be6 8.
O-O Nf6 9. dxc5 Qxc5 10. Nb3 Qd6 11. Nfd4 Be7 12. Nxe6 fxe6 13. f4 O-O 14. c3
Rad8 15. Be3 b6 16. Nd4 Nxd4 17. Qxd4 Nd7 18. Rad1 Bf6 19. Qa4 Nc5 20. Qa3 a5
21. Bf3 Qc7 22. g3 Be7 23. Kg2 Rfe8 24. Bd4 Nb7 25. Qb3 Bc5 26. Rfe1 Bxd4 27.
Rxd4 Nd6 28. Rxe6 Nf5 29. Rxe8+ Rxe8 30. Qxd5+ Qf7 31. Qxf7+ Kxf7 32. Rd7+ 1-0

[Event "Münsterland Open"]
[Site "Senden"]
[Date "2009.10.11"]
[Round "3.2"]
[White "Koke, Christoph"]
[Black "Stets, Dmitry"]
[Result "0-1"]
[WhiteElo "2076"]
[BlackElo "2434"]
[PlyCount "78"]
[EventDate "2009.??.??"]

1. e4 c5 2. Nf3 d6 3. d4 cxd4 4. Nxd4 Nf6 5. Nc3 g6 6. Bc4 Bg7 7. f3 O-O 8. Be3
Nc6 9. Bb3 Bd7 10. Qd2 Qa5 11. O-O-O Rfc8 12. Nd5 Qxd2+ 13. Rxd2 Nxd5 14. Bxd5
Rab8 15. Kb1 Ne5 16. Ne2 a5 17. Ba7 Ra8 18. Bd4 Bh6 19. Rdd1 Nc6 20. Bxc6 bxc6
21. h4 f6 22. h5 Bf8 23. hxg6 hxg6 24. Bc3 e5 25. f4 Bg4 26. Rde1 Bg7 27. fxe5
fxe5 28. Nc1 Bf6 29. Nb3 a4 30. Nd2 Be6 31. Nf3 Kg7 32. Bb4 Rd8 33. Re3 Rd7 34.
Rd1 Rad8 35. Ra3 d5 36. exd5 Bxd5 37. Rc1 Bxf3 38. gxf3 Bg5 39. Ba5 Rd1 0-1

[Event "Münsterland Open"]
[Site "Senden"]
[Date "2009.10.11"]
[Round "3.3"]
[White "Poetsch, Hagen"]
[Black "Wagner, Ralf"]
[Result "1-0"]
[WhiteElo "2351"]
[BlackElo "2085"]
[PlyCount "83"]
[EventDate "2009.??.??"]

1. e4 e6 2. d4 d5 3. Nc3 Nf6 4. e5 Nfd7 5. f4 c5 6. Nf3 Nc6 7. Be3 cxd4 8. Nxd4
Bc5 9. Qd2 Nxd4 10. Bxd4 Bxd4 11. Qxd4 a6 12. O-O-O Nb8 13. Bd3 Nc6 14. Qf2 b5
15. Rhe1 Na5 16. Ne4 Nb7 17. Qg3 Kf8 18. Ng5 h6 19. Nh7+ Kg8 20. Nf6+ Kf8 21.
Nh5 g6 22. Nf6 Nc5 23. h4 h5 24. Be2 Bb7 25. Qa3 Rc8 26. g4 hxg4 27. Bxg4 Qc7
28. Kb1 Rxh4 29. Bxe6 b4 30. Qg3 Nxe6 31. Qxh4 Qxc2+ 32. Ka1 d4 33. f5 Qxf5 34.
Rf1 Qc2 35. Qh8+ Ke7 36. Ng8+ Kd7 37. Rxf7+ Kc6 38. Qh1+ Kb6 39. Rxb7+ Ka5 40.
Ne7 Rc5 41. Qe1 Qc4 42. a3 1-0

[Event "Münsterland Open"]
[Site "Senden"]
[Date "2009.10.11"]
[Round "3.4"]
[White "Chilla, Jan Eric"]
[Black "Hug, Marcel"]
[Result "1-0"]
[WhiteElo "2055"]
[BlackElo "2326"]
[PlyCount "87"]
[EventDate "2009.??.??"]

1. d4 g6 2. c4 Nf6 3. Nc3 Bg7 4. e4 d6 5. Nf3 O-O 6. Be2 Nbd7 7. O-O e5 8. Re1
exd4 9. Nxd4 c6 10. Bf1 Re8 11. Rb1 a5 12. f3 Nc5 13. Be3 Qc7 14. Qd2 b6 15. b3
Nfd7 16. Rbd1 Ne5 17. Bf2 Bb7 18. Be2 Qe7 19. f4 Ned7 20. Bf3 Qf6 21. Nde2 Bf8
22. Bd4 Qe7 23. Ng3 Rad8 24. Bf2 Bh6 25. Be3 Nf6 26. Qc2 Qc7 27. Qf2 Nfd7 28.
Nce2 Bg7 29. Nd4 Nf6 30. Bc1 h5 31. Bb2 Ng4 32. Bxg4 hxg4 33. f5 Qe7 34. Nxc6
Bxc6 35. f6 Qe6 36. fxg7 Nd7 37. Qf4 Ne5 38. Qh6 f6 39. Rf1 Kf7 40. Rf4 Rg8 41.
Rdf1 Rxg7 42. Rxf6+ Qxf6 43. Rxf6+ Kxf6 44. Nh5+ 1-0

[Event "Münsterland Open"]
[Site "Senden"]
[Date "2009.10.11"]
[Round "3.5"]
[White "Gottkehaskamp, Philipp"]
[Black "Günnigmann, Manuel"]
[Result "1/2-1/2"]
[WhiteElo "2041"]
[BlackElo "2158"]
[PlyCount "52"]
[EventDate "2009.??.??"]

1. e4 c5 2. Nf3 Nc6 3. d3 g6 4. g3 Bg7 5. Bg2 e6 6. O-O Nge7 7. c3 O-O 8. d4
cxd4 9. cxd4 d5 10. e5 f6 11. Re1 fxe5 12. dxe5 Qc7 13. Bf4 Bd7 14. Nc3 a6 15.
Rc1 b5 16. Nd4 Qa7 17. Nxc6 Bxc6 18. Ne2 Rac8 19. Nd4 Bd7 20. Qd2 Rc4 21. Be3
Qb8 22. f4 Kh8 23. Bf1 Rcc8 24. Nb3 Rxc1 25. Rxc1 Nf5 26. Bc5 Rc8 1/2-1/2

[Event "Münsterland Open"]
[Site "Senden"]
[Date "2009.10.11"]
[Round "3.6"]
[White "Steinle, Carsten"]
[Black "Mohnke, Martin"]
[Result "1-0"]
[WhiteElo "2120"]
[BlackElo "1997"]
[PlyCount "127"]
[EventDate "2009.??.??"]

1. d4 Nf6 2. Nf3 g6 3. g3 Bg7 4. Bg2 O-O 5. O-O d6 6. Re1 Nbd7 7. e4 e5 8. c3
c6 9. Nbd2 Qc7 10. Qc2 Re8 11. Nc4 b5 12. Ne3 Bb7 13. dxe5 dxe5 14. Nd2 Nc5 15.
Nb3 Nfd7 16. Nxc5 Nxc5 17. b3 Rad8 18. Ba3 Ne6 19. Rad1 a5 20. Rxd8 Rxd8 21.
Rd1 h5 22. h4 Rd7 23. Bh3 Qd8 24. Bxe6 fxe6 25. Bc5 Bc8 26. Rxd7 Qxd7 27. Bb6
Bh6 28. Nf1 Bb7 29. Bxa5 c5 30. f3 Qd6 31. Kg2 Ba6 32. b4 c4 33. Kf2 Kf7 34.
Ke2 g5 35. hxg5 Bxg5 36. Qd1 Ke7 37. Qxd6+ Kxd6 38. Bb6 Bc8 39. Bc5+ Kc6 40.
Be3 Bf6 41. Kf2 Bd7 42. Kg2 Be8 43. Kh3 Kd6 44. Nd2 Kc6 45. Bh6 Bg6 46. Nf1 Kd7
47. Ne3 Ke7 48. g4 hxg4+ 49. Kxg4 Be8 50. Bg5 Bg6 51. Bxf6+ Kxf6 52. Kh4 Be8
53. Ng4+ Kg6 54. Nxe5+ Kf6 55. f4 Ke7 56. Kg5 Kd6 57. Kf6 Bh5 58. Nf7+ Kd7 59.
Ng5 Bg4 60. Ke5 Ke7 61. Kd4 Kd6 62. Nf7+ Ke7 63. Ne5 Be2 64. Nc6+ 1-0

[Event "Münsterland Open"]
[Site "Senden"]
[Date "2009.10.11"]
[Round "3.7"]
[White "Hüttemann, Ralf"]
[Black "Hofene, Dieter"]
[Result "1-0"]
[WhiteElo "1996"]
[BlackElo "2100"]
[PlyCount "89"]
[EventDate "2009.??.??"]

1. d4 Nf6 2. Nf3 h6 3. Bf4 g5 4. Bg3 d6 5. e3 Bf5 6. Bd3 Qd7 7. Nc3 Bxd3 8.
Qxd3 Bg7 9. h3 e6 10. O-O-O Nc6 11. e4 O-O-O 12. Kb1 Nh5 13. Bh2 f5 14. exf5
exf5 15. d5 Ne5 16. Qd4 c5 17. dxc6 bxc6 18. Bxe5 dxe5 19. Qc4 Qb7 20. Nxe5 Kc7
21. Nd5+ Kb8 22. Nxc6+ Ka8 23. b4 Rc8 24. b5 Nf6 25. Nxf6 Bxf6 26. a4 Rc7 27.
Rhe1 Rhc8 28. Re6 Bg7 29. Rde1 Rd7 30. Re8 Qc7 31. Qg8 Kb7 32. Rxc8 Qxc8 33.
Na5+ Kc7 34. Qc4+ Kb8 35. Nc6+ Kb7 36. c3 Qf8 37. Na5+ Kb8 38. Nc6+ Kb7 39. Qe6
Qc8 40. Qe3 Ka8 41. Qf3 g4 42. hxg4 fxg4 43. Qe4 Bxc3 44. Rc1 Qh8 45. Ne5+ 1-0

[Event "Münsterland Open"]
[Site "Senden"]
[Date "2009.10.11"]
[Round "3.8"]
[White "Hokamp, Sascha"]
[Black "Jacobsen, Henrik"]
[Result "1/2-1/2"]
[WhiteElo "2100"]
[BlackElo "1985"]
[PlyCount "52"]
[EventDate "2009.??.??"]

1. d4 Nf6 2. Nf3 g6 3. Bg5 Bg7 4. Nc3 c5 5. Bxf6 Bxf6 6. Ne4 Qb6 7. Nxf6+ Qxf6
8. e4 cxd4 9. Qxd4 Qxd4 10. Nxd4 a6 11. Be2 d6 12. f4 Bd7 13. O-O Nc6 14. c3
O-O 15. f5 Rac8 16. Rf2 Nxd4 17. cxd4 e5 18. Rd1 Rc7 19. b3 Rfc8 20. Bc4 b5 21.
Bd5 Rc1 22. Rdf1 Rxf1+ 23. Rxf1 gxf5 24. dxe5 dxe5 25. exf5 Rc2 26. Be4 Rd2
1/2-1/2

[Event "Münsterland Open"]
[Site "Senden"]
[Date "2009.10.11"]
[Round "3.9"]
[White "Torres-Kuckel, Rafael"]
[Black "Schalla, Dieter"]
[Result "1-0"]
[WhiteElo "2257"]
[BlackElo "2092"]
[PlyCount "43"]
[EventDate "2009.??.??"]

1. e4 c5 2. Nf3 d6 3. c3 g6 4. d4 cxd4 5. cxd4 Bg7 6. Nc3 Nf6 7. Bc4 O-O 8. Bb3
Nc6 9. h3 b5 10. O-O a6 11. Bg5 Bb7 12. e5 Ne8 13. Qe2 h6 14. Bh4 dxe5 15. dxe5
Nc7 16. Rfd1 Qc8 17. Rac1 Rd8 18. Nd5 Nxd5 19. Bxd5 Rxd5 20. Rxd5 Qe6 21. Rdc5
f6 22. Rxc6 1-0

[Event "Münsterland Open"]
[Site "Senden"]
[Date "2009.10.11"]
[Round "3.10"]
[White "Woestmann, Ulrich"]
[Black "Seegers, Hendrik"]
[Result "1-0"]
[WhiteElo "2014"]
[BlackElo "2241"]
[PlyCount "93"]
[EventDate "2009.??.??"]

1. e4 d5 2. exd5 Nf6 3. d4 Nxd5 4. c4 Nb6 5. Nf3 g6 6. Be3 Bg7 7. h3 O-O 8. Nc3
Nc6 9. d5 Ne5 10. Nxe5 Bxe5 11. Bd4 Bxd4 12. Qxd4 e6 13. O-O-O Qe7 14. f4 exd5
15. c5 Nd7 16. Nxd5 Qxc5+ 17. Qxc5 Nxc5 18. Nxc7 Rb8 19. g4 Bd7 20. b4 Bc6 21.
Nd5 Ne6 22. f5 Bxd5 23. Rxd5 Nf4 24. Rd4 g5 25. Rh2 Rfe8 26. Kb2 Re7 27. h4 h6
28. hxg5 hxg5 29. Rd6 Re4 30. a3 Rbe8 31. Bb5 R8e5 32. f6 Ne6 33. Bd3 Rxg4 34.
Rc2 Rge4 35. Bxe4 Rxe4 36. Rd7 Rf4 37. Rc8+ Kh7 38. Rxf7+ Kg6 39. Rxb7 Rxf6 40.
Rxa7 Kf5 41. b5 g4 42. b6 Nf8 43. Ra5+ Kf4 44. Ra4+ Kg5 45. b7 Nd7 46. Rg8+ Kf5
47. Rgxg4 1-0

[Event "Münsterland Open"]
[Site "Senden"]
[Date "2009.10.12"]
[Round "4.1"]
[White "Steinle, Carsten"]
[Black "Karpatchev, Aleksandr"]
[Result "0-1"]
[WhiteElo "2120"]
[BlackElo "2477"]
[PlyCount "138"]
[EventDate "2009.??.??"]

1. d4 d5 2. Nf3 Nf6 3. e3 c5 4. b3 cxd4 5. exd4 Nc6 6. Bb2 Bg4 7. Be2 e6 8. O-O
Bd6 9. Ne5 Bxe2 10. Qxe2 O-O 11. Nd2 Rc8 12. Ndf3 Qe7 13. Rfd1 h6 14. Rd3 Nb4
15. Rc3 Rxc3 16. Bxc3 Rc8 17. Bxb4 Bxb4 18. c4 dxc4 19. bxc4 b6 20. h3 Bd6 21.
a4 Bb4 22. g4 Nd7 23. Rd1 Bd6 24. Qe4 Nf6 25. Qe3 Nh7 26. a5 bxa5 27. c5 Bxe5
28. Nxe5 Nf6 29. Ra1 Qd8 30. Nc4 Qd5 31. Nxa5 h5 32. gxh5 Qxh5 33. Nc4 Qd5 34.
Ne5 Rb8 35. c6 a5 36. Kh2 Rc8 37. Rg1 Qd6 38. Rg3 a4 39. Kg2 Qd5+ 40. Kg1 Rb8
41. Rg2 Ne8 42. Kh2 Qd6 43. f4 Rb3 44. Qe2 Qxd4 45. Qg4 Rb2 46. Qf3 a3 47. Qxa3
Qxf4+ 48. Qg3 Qxg3+ 49. Kxg3 Rxg2+ 50. Kxg2 f6 51. Nd7 Kf7 52. Nc5 Ke7 53. Nb7
e5 54. Kf3 Ke6 55. Kg4 Kd5 56. Nd8 Nc7 57. Kf5 e4 58. Kf4 Kd4 59. Nf7 Nd5+ 60.
Kg3 f5 61. Nd6 f4+ 62. Kf2 Kd3 63. Nf7 e3+ 64. Kf3 e2 65. Ne5+ Kd4 66. c7 Nxc7
67. Kxf4 Nd5+ 68. Kf5 g6+ 69. Kxg6 Kxe5 0-1